书目信息 |
| 题名: |
蜀锦史话
|
|
| 作者: | ;《蜀锦史话》编写组 编 | |
| 分册: | ||
| 出版信息: | 成都 四川人民出版社 1979 |
|
| 页数: | 131页 | |
| 开本: | 20cm | |
| 丛书名: | 四川史地丛书 | |
| 单 册: | ||
| 中图分类: | F426.81 , K876.9 | |
| 科图分类: | ||
| 主题词: | 蜀锦-工业史 , 工业史-蜀锦 , 文物--考古--中国 | |
| 电子资源: | ||
| ISBN: | ||
| 000 | 00783nam2 2200277 45 | |
| 001 | 0179007876 | |
| 005 | 20060522102505.60 | |
| 010 | @dCNY0.53 | |
| 091 | @a11118.19 | |
| 100 | @a19950716d1979 em y0chiy0121 ea | |
| 101 | 0 | @achi |
| 102 | @aCN@b510000 | |
| 105 | @ay z 000yy | |
| 200 | 10 | @a蜀锦史话@Ashu jin shi hua@f《蜀锦史话》编写组编@F《shu jin shi hua》bian xie zu bian |
| 210 | @a成都@c四川人民出版社@d1979 | |
| 215 | @a131页@d20cm | |
| 225 | 2 | @a四川史地丛书 |
| 410 | @120010@a四川史地丛书 | |
| 606 | @a蜀锦-工业史 | |
| 606 | @a工业史-蜀锦 | |
| 606 | 0 | @a文物@x考古@x中国 |
| 690 | @aF426.81@v3 | |
| 690 | @aK876.9@v3 | |
| 711 | 0 | @a《蜀锦史话》编写组@A《shu jin shi hua》bian xie zu@4编 |
| 801 | 0 | @aCN@bNLC@c20060522 |
| 905 | @dK876.9@e21@f2@b67497-498 | |
| 蜀锦史话/《蜀锦史话》编写组编.-成都:四川人民出版社,1979 |
| 131页;20cm.-(四川史地丛书) |
| ISBN :CNY0.53 |
| ● |
| 相关链接 |
|
|
|
|
正题名:蜀锦史话
索取号:K876.9/21
 
预约/预借
| 序号 | 登录号 | 条形码 | 馆藏地/架位号 | 状态 | 备注 |
| 1 | 0067495 | 001925554 | 密集书库/ [索取号:K876.9/21] | 在馆 | |
| 2 | 0067496 | 202367054 | 密集书库/ [索取号:K876.9/21] | 在馆 | |
| 3 | 0067497 | 001548392 | 密集书库/ [索取号:K876.9/21] | 在馆 | |
| 4 | 0067498 | 001548383 | 第二样本阅览室/ [索取号:K876.9/21] | 在馆 | |
| 5 | 0067499 | 202367045 | 密集书库/ [索取号:K876.9/21] | 在馆 |